000 00369pam a2200157a 44500
008 230515b2000 xxu||||| |||| 00| 0 eng d
020 _aNULL
041 _aENGLISH
082 _aN.D.
100 _aWHITMAN / TBMCZYK
245 _aREFRIGERATION & AIR CONDITIONING TECHNOLOGY
250 _a0
260 _aNULL
_bDELMAR PUB
_c2000
300 _a1185
650 _aNULL
999 _c584354
_d584354